Beast Quest #3 The Dark Realm - Statistics

General Stats
  • This quiz has been taken 12 times
  • The average score is 4 of 6
Answer Stats
Answer % Correct
Narga the Sea Monster
92%
Sting the Scorpion Man
83%
Torgor the Minotaur
67%
Tusk the Mighty Mammoth
67%
Kaymon the Gorgon Hound
58%
Skor the Winged Stallion
50%
No matching quizzes found
Score Distribution
Percent of People with Each Score
Percentile by Number Answered
Your Score History
You have not taken this quiz